| 000 | 00514nam a2200181Ia 4500 | ||
|---|---|---|---|
| 999 |
_c19653 _d19653 |
||
| 003 | OSt | ||
| 005 | 20200702103134.0 | ||
| 008 | 190216s9999||||xx |||||||||||||| ||und|| | ||
| 020 | _a0600387437 | ||
| 040 | _coclc | ||
| 082 |
_a902.02 _bSAB/G |
||
| 100 |
_aSabel, Lynne _93436 |
||
| 245 | 0 |
_a1000 Great Events / _cLynne Sabel ; Philip Steele |
|
| 260 |
_bHamlyn, _c1977. _aLondon & New York: |
||
| 300 | _a350p | ||
| 650 | _aWorld History | ||
| 942 |
_cBK _2ddc _h902.02 _iSAB/G _k902.02 _mSAB/G |
||